| 000 | nam a22 7a 4500 | ||
|---|---|---|---|
| 999 |
_c15236 _d15236 |
||
| 005 | 20200603094629.0 | ||
| 008 | 200603b xxu||||| |||| 00| 0 eng d | ||
| 040 | _chzdmfh | ||
| 050 | _aBV185.J813 | ||
| 082 | _aBV185.J813 | ||
| 100 | _aJosef A. Jungmann | ||
| 245 |
_aThe early liturgy _bto the time of gregory the great |
||
| 260 |
_alondon _bDarton _c1959 |
||
| 300 |
_a314.p. _c20cm |
||
| 942 |
_2lcc _cOS _hBV185.J813 |
||